00324nam a2200133Ia 450000500170000000800410001702000150005808200130007310000160008624500130010226000400011530000140015565000210016920250701032605.0240331s9999 xx 000 0 und d a9559533010 bWIYa800 aWiyangoda,G 0aEva luna aColombobS. Godage & brothersc1994 a359 p ., aTranslation book